000
00302nam a22001217a 4500
008
150521b xxu||||| |||| 00| 0 eng d
020
_a
9780072263756
020
_a
007226375X
041
0
_a
eng
080
_a
004.413
245
1
0
_a
How to do everything with Windows Vista /
_c
Curt Simmons.
942
_2
udc
_c
BK
999
_c
891
_d
891